ბათუმის შოთა რუსთაველის სახელმწიფო უნივერსიტეტის ბიბლიოთეკა

ქართულ-ოსურ-ინგლისური სიხშირული ლექსიკონი / (ბიბ.ჩანაწერი № 60057)

000 -ლიდერი
ფიქსირებული სიგრძის საკონტროლო ველი 02327nam a22002897a 4500
003 - საკონტროლო ნომრის იდენტიფიკატორი
საკონტროლო ველი Ge_BSU
005 - ბოლო ოპერაციის თარიღი და დრო
საკონტროლო ველი 20230602114014.0
008 - ფიქსირებული სიგრძის მონაცემთა ელემენტები - ზოგადი ინფორმაცია
ფიქსირებული სიგრძის საკონტროლო ველი 230602s2018ge xxu||||| |||| 00| 0 geo d
020 ## - წიგნის საერთაშორისო სტანდარტული ნომერი
International Standard Book Number 9788378931782
041 ## - ენის კოდი
Language code of text/sound track or separate title geo
080 ## - უნივერსალური ათობითი კლასიფიკაციის ინდექსი
Universal Decimal Classification number 81'374.823=353.1=221.18=111 ქ-27
245 ## - ცნობა სათაურის შესახებ
Title ქართულ-ოსურ-ინგლისური სიხშირული ლექსიკონი /
Statement of responsibility, etc მარინა ბერიძე, მაკა თეთრაძე, სოფიკო დარასელია [და სხვა] ; ოსური სიტყვანის შემდგენლები: ნაირა ბეპიევი, ნინო პოპიაშვილი, რაზიათ ქუმარიტოვი ; რედაქტორები: ნაირა ბეპიევი, ნინო შარაშენიძე ;
264 ## - წარმოების, გამოცემის, დისტრიბუციის და სხვა ცნობები
გამოცემის, წარმოების, დისტრიბუციის... სახელწოდება Wojnowice,
გამოცემის, წარმოების, დისტრიბუციის... თარიღი 2018.
300 ## - ფიზიკური აღწერა
Extent 162 გვ. ;
Other physical details 21 სმ.
440 ## - სერიის ცნობა / დამატებულია ჩანაწერი - სათაური
Title საბა - ქართული ლექსიკონი
9 (RLIN) 18330
500 ## - ზოგადი შენიშვნა
General note ყდაზე ავტორები მითითებულები არ არიან.
546 ## - LANGUAGE NOTE
Language note ყდა ქართულ, ოსურ და ინგლისურ ენებზე.
დამატებითი სატიტულო გვერდები ოსურ და ინგლისურ ენებზე.
653 ## - INDEX TERM--UNCONTROLLED
Uncontrolled term ქართულ-ოსურ-ინგლისური ლექსიკონი.
653 ## - INDEX TERM--UNCONTROLLED
Uncontrolled term Georgian-Ossetian-English Frequency Dictionary
700 ## - ADDED ENTRY--PERSONAL NAME
Personal name ბერიძე, მარინა
Relator term შემდგენელი
9 (RLIN) 18421
700 ## - ADDED ENTRY--PERSONAL NAME
Personal name თეთრაძე, მაკა
Relator term შემდგენელი
9 (RLIN) 18416
700 ## - ADDED ENTRY--PERSONAL NAME
Personal name დარასელია, სოფიკო
Relator term და სხვა
9 (RLIN) 18417
700 ## - ADDED ENTRY--PERSONAL NAME
Personal name ბეპიევი, ნინო
Relator term ოსური სიტყვანის შემდგენლი
9 (RLIN) 18422
700 ## - ADDED ENTRY--PERSONAL NAME
Personal name პოპიაშვილი,ნინო
Relator term ოსური სიტყვანის შემდგენლი
9 (RLIN) 18423
700 ## - ADDED ENTRY--PERSONAL NAME
Personal name ქუმარიტოვი, რაზიათ
Relator term ოსური სიტყვანის შემდგენლი და სხვა
9 (RLIN) 18424
942 ## - ADDED ENTRY ELEMENTS (KOHA)
Source of classification or shelving scheme
Koha item type წიგნი
ეგზემპლარები
ჩამოწერის სტატუსი დაკარგული ეგზემპლარის სტატუსი კლასიფიკაციის წყარო ან თაროზე გაწყობის სქემა დაზიანების სტატუსი არ გაიცემა მუდმივი მდებარეობა (დაცვის ადგილი) ამჟამინდელი ადგილსამყოფელი თაროზე განთავსების ადგილი შეძენის თარიღი ღირებულება, შესყიდვის ნორმალური ფასი სრული შენახვის შიფრი შტრიხკოდი ბოლო ოპერაციის თარიღი ეგზემპლარის მიმდევრობითი ნომერი (კეტერი?) ფასის ძალაში შესვლის თარიღი ეგზემპლარის სახეობა საჯარო შენიშვნა
          ბათუმის შოთა რუსთაველის სახელმწიფო უნივერსიტეტის მთავარი ბიბლიოთეკა ბათუმის შოთა რუსთაველის სახელმწიფო უნივერსიტეტის მთავარი ბიბლიოთეკა წიგნსაცავი 2023-06-02 5.00 81'374.823=353.1=221.18=111 ქ-27 29533 2023-06-02 29533 2023-06-02 წიგნი 5ლ.73თ.
          ბათუმის შოთა რუსთაველის სახელმწიფო უნივერსიტეტის მთავარი ბიბლიოთეკა ბათუმის შოთა რუსთაველის სახელმწიფო უნივერსიტეტის მთავარი ბიბლიოთეკა წიგნსაცავი 2023-06-02 5.00 81'374.823=353.1=221.18=111 ქ-27 29534 2023-06-02 29534 2023-06-02 წიგნი 5ლ.73თ.
          ბათუმის შოთა რუსთაველის სახელმწიფო უნივერსიტეტის მთავარი ბიბლიოთეკა ბათუმის შოთა რუსთაველის სახელმწიფო უნივერსიტეტის მთავარი ბიბლიოთეკა წიგნსაცავი 2023-06-02 5.00 81'374.823=353.1=221.18=111 ქ-27 29535 2023-06-02 29535 2023-06-02 წიგნი 5ლ.73თ.